Bibliotheca Nautica y Bibliotheca Americana et Philippina. (Record no. 6802)
[ view plain ]
| 000 -CABECERA | |
|---|---|
| campo de control de longitud fija | 01111nam a2200253 a 4500 |
| 001 - NÚMERO DE CONTROL | |
| campo de control | BRCA_7121 |
| 005 - FECHA Y HORA DE LA ÚLTIMA TRANSACCIÓN | |
| campo de control | 20190320205723.0 |
| 008 - DATOS DE LONGITUD FIJA--INFORMACIÓN GENERAL | |
| campo de control de longitud fija | 020911s1922----enka######---#000-0#eng-# |
| 041 ## - CÓDIGO DE LENGUA | |
| Código de lengua del texto/banda sonora o título independiente | eng |
| 044 ## - CÓDIGO DEL PAÍS DE LA ENTIDAD EDITORA/PRODUCTORA | |
| Código MARC del país | enk |
| 050 #4 - SIGNATURA TOPOGRÁFICA DE LA BIBLIOTECA DEL CONGRESO | |
| Número de clasificación | Z1029 |
| Número de documento/Ítem | .B53 2 1922 |
| 245 10 - MENCIÓN DE TÍTULO | |
| Título | Bibliotheca Nautica y Bibliotheca Americana et Philippina. |
| 260 ## - PUBLICACIÓN, DISTRIBUCIÓN, ETC. | |
| Lugar de publicación, distribución, etc. | Londres |
| Nombre del editor, distribuidor, etc. | Maggs Bros |
| Fecha de publicación, distribución, etc. | 1922-1933 |
| 300 ## - DESCRIPCIÓN FÍSICA | |
| Extensión | 4 v. |
| Otras características físicas | il. (algunas a color) |
| Dimensiones | 25 cm. |
| 500 ## - NOTA GENERAL | |
| Nota general | Incluye índices de autores y títulos |
| 500 ## - NOTA GENERAL | |
| Nota general | 2 títulos diferentes inventariados por Banco de México como uno mismo. |
| 500 ## - NOTA GENERAL | |
| Nota general | Continuación de la publicación Bibliotheca Americana Philipina con el título: Bibliotheca Americana. |
| 500 ## - NOTA GENERAL | |
| Nota general | Ver también CEF75 |
| 500 ## - NOTA GENERAL | |
| Nota general | O155 |
| 505 0# - NOTA DE CONTENIDO CON FORMATO | |
| Nota de contenido con formato | Contenido: v.1. Bibliotheca Nautica, part I, No. 508, 1928 ; part II, No. 534, 1930 ; part III, No. 585, 1933. -- v.2. Bibliotheca Americana, part V, No. 479, 1926. -- v.3. Bibliotheca Americana, part VII, No. 502, 1928. -- v.4. Bibliotheca Americana part IX, No. 549, 1930. |
| 650 14 - PUNTO DE ACCESO ADICIONAL DE MATERIA--TÉRMINO DE MATERIA | |
| Término de materia o nombre geográfico como elemento de entrada | Libros antiguos |
| Subdivisión de forma | Catálogos |
| 9 (RLIN) | 15985 |
| 902 ## - CATALOGADOR | |
| Iniciales | GFM |
| 942 ## - ELEMENTOS DE PUNTO DE ACCESO ADICIONAL (KOHA) | |
| Fuente del sistema de clasificación o colocación | Library of Congress Classification |
| Tipo de ítem Koha | Libros |
| Estado de retiro | Estado de pérdida | Estado dañado | No para préstamo | Localización permanente | Ubicación/localización actual | Fecha de adquisición | Número de inventario | Total de préstamos | Signatura topográfica completa | Código de barras | Fecha visto por última vez | Precio válido a partir de | Tipo de ítem Koha |
|---|---|---|---|---|---|---|---|---|---|---|---|---|---|
| El ejemplar forma parte de la colección y puede ser consultado según las políticas vigentes. | Biblioteca del Museo Franz Mayer (Rogerio Casas-Alatriste) | Biblioteca del Museo Franz Mayer (Rogerio Casas-Alatriste) | 30/12/2011 | O155 | Z1029 .B53 2 1922 (O155) | 7568 | 22/03/2019 | 22/03/2019 | Libros |